000 00539nam a2200193Ia 4500
005 20250508162144.0
008 008 250505s9999 xx 000 0 eng d
037 _aTextual
040 _aFEDL
_beng
_cFEDL
041 _aeng
_2eng
084 _a370.11, ROU
_qFEDL
100 _aRoubiczek Paul
245 0 _aEthical values in the age of science
260 _aLondon, UK
_bCambridge University Press
_c1969
300 _aviii,317p.
650 _aEducation
942 _cTEXL
_h370.11, ROU
999 _c1374701
_d1374701